Основные понятия электродинамики сплошных сред: методические заметки

Bibliografske podrobnosti
Glavni avtor: Халилеев П. А.
Korporativna značnica: Академия наук СССР Уральское отделение
Jezik:ruščina
Izdano: Свердловск, УрО АН СССР, 1989
Teme:
Format: Knjiga
KOHA link:https://koha.lib.tpu.ru/cgi-bin/koha/opac-detail.pl?biblionumber=112512

MARC

LEADER 00000nam0a2200000 4500
001 112512
005 20231101215051.0
035 |a (RuTPU)RU\TPU\book\121656 
090 |a 112512 
100 |a 20070329d1989 km y0rusy5003 ca 
101 0 |a rus 
102 |a RU 
105 |a a z 001zy 
200 1 |a Основные понятия электродинамики сплошных сред  |e методические заметки  |f П. А. Халилеев  |g Академия наук СССР, Уральское отделение 
210 |a Свердловск  |c УрО АН СССР  |d 1989 
215 |a 225,[1] с.  |c ил.  |d 22 см 
320 |a Библиогр.: с. 223-224 (33 назв.). 
610 1 |a электродинамика 
610 1 |a сплошные среды 
610 1 |a магнитостатика 
610 1 |a электромагнитные поля 
675 |a 537.8  |z rus 
700 1 |a Халилеев  |b П. А.  |4 070 
712 0 2 |a Академия наук СССР  |b Уральское отделение  |2 stltpush  |3 (RuTPU)RU\TPU\col\11479  |9 25119 
801 0 |a RU  |b RuMRKP  |c 19950417  |g psbo 
801 1 |a RU  |b 63413507  |c 20070329  |g PSBO 
801 2 |a RU  |b 63413507  |c 20110309  |g PSBO 
900 |a Электродинамика сплошных сред 
942 |c BK